000 00513nam a2200181Ia 4500
001 25381
005 20260414151146.0
008 260414t2007||||xx |||||||||||||| ||spa||
041 _aESP
082 _a346.5
_bL55
100 _aLeón, Leysser L.
_eAUT
245 0 _aDerecho de las relaciones obligatorias :
_blecturas seleccionadas y traducidas para uso d elos estudiantes universitarios
260 _c2007
300 _a477 páginas :
_ccm.
650 _aDER
654 _aCDE
942 _cLIB
_dJUS
_fJUS
_2ddc
_n
999 _c25381
_d25381